2013 music hits - Statistics

General Stats
  • This quiz has been taken 454 times
  • The average score is 8 of 15
Answer Stats
Hint Answer % Correct
Royals Lorde
87%
Counting Stars One Republic
78%
Thrift Shop Macklemore
77%
Blurred Lines Robin Thicke
77%
Wake Me Up Avicii
71%
Let Her Go Passenger
71%
Burn Ellie Goulding
69%
Stay Rihanna
60%
Trumpets Jason Derulo
55%
Get Lucky Daft Punk
36%
I Need Your Love Calvin Harris
35%
Somewhere Only We Know Lily Allen
21%
Can We Dance The Vamps
20%
Of The Night Bastille
17%
Bang Bang Will I Am
15%
No matching quizzes found
Score Distribution
Percent of People with Each Score
Percentile by Number Answered
Your Score History
You have not taken this quiz